000 00521nam a2200193Ia 4500
005 20250326144938.0
008 250326s9999 xx 000 0 und d
020 _a0-470-01151-3
037 _aTextbook
040 _aFMSL
_beng
_cFMSL
041 _aeng
_2eng
084 _aX:8D P5
_qFMSL
100 _aFahy Martin
_9501204
245 0 _aBeyond Goverce
_cFahy Martin And Others
260 _aEngland
_bEngland, John Wiley
_c2004
300 _axix,314
942 _cTB
_hX:8D P5
999 _c1305738
_d1305738